| 000 | 01044nam a2200265 i 4500 | ||
|---|---|---|---|
| 001 | 181448 | ||
| 003 | ES-MaACL | ||
| 005 | 20251013220033.0 | ||
| 008 | 130116s2009 sp | |||||||| | spa d | ||
| 080 | _a821.111(73)-4"18" | ||
| 100 | 1 |
_aThoreau, Henry David. _9110134 |
|
| 245 | 1 | 0 |
_aDesobediencia civil y otros escritos / _cThoreau ; [traducción de Mª Eugenia Díaz]. |
| 260 |
_a[Madrid] : _bDiario Público, _c[2009] |
||
| 300 |
_a123 p. ; _c18 cm. |
||
| 490 | 1 | _aBiblioteca pensamiento crítico | |
| 505 | 8 | _aContiene: Una vida sin principios ; Desobediencia civil ; La esclavitud en Massachussetts ; Apología del capitán John Brown | |
| 600 | 1 | 4 |
_aBrown, John, _d1800-1859 _9172122 |
| 650 | 4 |
_aResistencia al gobierno. _916862 |
|
| 650 | 7 |
_aEsclavitud- _zAmérica _2 _9162982 |
|
| 700 | 1 |
_aDíaz Sánchez, María Eugenia. _9152082 |
|
| 830 | 1 |
_aBiblioteca pensamiento crítico _9189844 |
|
| 852 |
_aES-MaACL _jA-12442 _9188349 _bR.145917 _cDEPO1 _dOlim: N-5447 |
||
| 942 |
_2udc _cMONOGRAFIA |
||
| 999 |
_c181448 _d181448 |
||